ՀՀ Գիտությունների ազգային ակադեմիայի հիմնարար գիտական գրադարան  =   Fundamental Scientific Library of NAS RA

Նոր լոյս : (Record no. 89277)

MARC details
000 -LEADER
fixed length control field 00658nam a2200205 a 4500
001 - CONTROL NUMBER
control field 000249544
003 - CONTROL NUMBER IDENTIFIER
control field AM-YeHGA
005 - DATE AND TIME OF LATEST TRANSACTION
control field 20250618071656.0
008 - FIXED-LENGTH DATA ELEMENTS--GENERAL INFORMATION
fixed length control field 030722s1904 ru 000 | arm d
040 ## - CATALOGING SOURCE
Original cataloging agency AM-YeHGA
041 0# - LANGUAGE CODE
Language code of text/sound track or separate title arm
090 ## - LOCALLY ASSIGNED LC-TYPE CALL NUMBER (OCLC); LOCAL CALL NUMBER (RLIN)
-- 90564
100 1# - MAIN ENTRY--PERSONAL NAME
Personal name Պետրով, Գր.
245 10 - TITLE STATEMENT
Title Նոր լոյս :
Remainder of title Մանր պատմուածքներ /
Statement of responsibility, etc. Գր. քահ. Պետրօվ.
260 ## - PUBLICATION, DISTRIBUTION, ETC.
Place of publication, distribution, etc. Ս.-Պետերբուրգ :
Name of publisher, distributor, etc. տպ. Պուշկինեան,
Date of publication, distribution, etc. 1904.
300 ## - PHYSICAL DESCRIPTION
Extent 108 էջ ;
Dimensions 16 սմ.
440 #0 - SERIES STATEMENT/ADDED ENTRY--TITLE
Title Մեր էժանագին գրադարանը
650 14 - SUBJECT ADDED ENTRY--TOPICAL TERM
Topical term or geographic name entry element Ռուս գրականություն
General subdivision Պատմվածք
9 (RLIN) 4645
942 ## - ADDED ENTRY ELEMENTS (KOHA)
Source of classification or shelving scheme Universal Decimal Classification
Koha item type Գրքեր / Books
Holdings
Withdrawn status Lost status Source of classification or shelving scheme Damaged status Not for loan Collection Home library Current library Date acquired Total checkouts Full call number Barcode Date last seen Price effective from Koha item type Public note
    Universal Decimal Classification     Agulian Individual Collection Fundamental Scientific Library Fundamental Scientific Library 22/12/2016   Agul/211 FL0080244 22/12/2016 22/12/2016 Գրքեր / Books ILL Non-Circ.
          General Fundamental Scientific Library Fundamental Scientific Library 22/12/2016   AI/1682 FL0035706 22/12/2016 22/12/2016 Գրքեր / Books 30 Days Loan


ՀՀ ԳԱԱ հիմնարար գիտական գրադարան
ՀՀ,Երևան 0019
Մարշալ Բաղրամյան 24/6
հեռախոս:(374-10) 52-47-50
Հետադարձ կապ

All site content, except where otherwise noted, is licensed under a
Creative Commons License